[Event "HUN-chT2 9900"]
[Site "?"]
[Date "1999.10.17"]
[Round "3"]
[White "Dombai Istvan"]
[Black "Papp Csaba"]
[Result "0-1"]
[WhiteElo "2128"]
[BlackElo "2128"]
[PlyCount "84"]
[EventDate "1999.??.??"]
[Source "www.chesslib.no"]
[SourceDate "2004.05.04"]

1. e4 d5 2. exd5 Qxd5 3. Nc3 Qa5 4. d4 e5 5. Qe2 Nc6 6. Nf3 Bg4 7. d5 Bxf3 8. gxf3 Nb4 9. Qxe5+ Ne7 10. Bb5+ c6 11. d6 cxb5 12. O-O Nbc6 13. Qe2 b4 14. Nb5 O-O-O 15. dxe7 Bxe7 16. a3 Bf6 17. Qc4 Rhe8 18. Be3 Kb8 19. axb4 Qxb4 20. Bxa7+ Kc8 21. Qxb4 Nxb4 22. c3 Nd3 23. Bb6 Rd5 24. Nc7 Rg5+ 25. Kh1 Re7 26. Rfd1 Nxf2+ 27. Bxf2 Kxc7 28. Ra4 b6 29. Rc4+ Kb7 30. Rb4 b5 31. Rd6 Re2 32. Bg3 Be7 33. Rd7+ Kc6 34. Rbd4 Bc5 35. Rc7+ Kb6 36. Rdd7 Re1+ 37. Kg2 Rg1+ 38. Kh3 Rh5+ 39. Kg4 Rxh2 40. Rd8 Rxg3+ 41. Kxg3 Kxc7 42. Rd5 Kc6 0-1

[Event "Bad Zwesten op 3rd"]
[Site "Bad Zwesten"]
[Date "1999.01.05"]
[Round "7"]
[White "Kierzek, Mira"]
[Black "Gerland, Felix"]
[Result "1-0"]
[WhiteElo "2040"]
[BlackElo "2215"]
[PlyCount "96"]
[EventDate "1999.01.??"]
[Source "ChessBase"]
[SourceDate "1999.03.01"]

1. e4 d5 2. exd5 Qxd5 3. Nc3 Qa5 4. d4 e5 5. dxe5 Bb4 6. Bd2 Nc6 7. a3 Nd4 8. Bd3 Qxe5+ 9. Nge2 Nxe2 10. Qxe2 Qxe2+ 11. Bxe2 Bd6 12. O-O-O Be6 13. Nb5 Be5 14. f4 a6 15. fxe5 axb5 16. Bxb5+ c6 17. Be2 Ne7 18. Bf3 Nd5 19. Kb1 O-O 20. g3 Rfe8 21. Rhe1 Nb6 22. Bb4 Nc4 23. Bd6 h6 24. h4 Ra5 25. Kc1 Bc8 26. Bc7 Ra8 27. Rd4 Be6 28. Be4 Rac8 29. Bd6 Ra8 30. Bd3 Nb6 31. Rb4 Nc8 32. Rxb7 Bd5 33. Kd2 Nxd6 34. exd6 Red8 35. d7 Be6 36. Rc7 Bxd7 37. Re7 Be8 38. Kc3 Rac8 39. Bc4 Rxc7 40. Rxc7 g5 41. hxg5 hxg5 42. a4 Ra8 43. b3 Kf8 44. g4 Rd8 45. a5 Bd7 46. a6 f6 47. a7 Ke7 48. Ba6 Kd6 1-0

[Event "FRA-chT3"]
[Site "?"]
[Date "2001.??.??"]
[Round "7"]
[White "Machin Guillaume"]
[Black "Orlandi Xavier"]
[Result "1/2-1/2"]
[WhiteElo "2140"]
[BlackElo "2115"]
[PlyCount "88"]
[EventDate "2001.??.??"]
[Source "www.chesslib.no"]
[SourceDate "2004.05.04"]

1. e4 d5 2. exd5 Qxd5 3. Nc3 Qa5 4. d4 e5 5. Nf3 Bg4 6. Be2 Nc6 7. h3 Bh5 8. g4 Bg6 9. Bb5 Bb4 10. Bxc6+ bxc6 11. O-O Ne7 12. Nxe5 Bxc3 13. bxc3 Qxc3 14. Be3 Qxc2 15. Qe1 O-O 16. Qa5 Nd5 17. Rac1 Qe4 18. Rfe1 Nxe3 19. Rxe3 Qxd4 20. Nxc6 Qb6 21. Qe5 Kh8 22. Ne7 Qa6 23. Rxc7 Qxa2 24. h4 Bc2 25. Rg3 f6 26. Qc3 Qb1+ 27. Kh2 Be4 28. f3 Bd3 29. h5 Rab8 30. Rg2 Rb3 31. Qd4 Rb4 32. Qc3 a5 33. h6 Rbb8 34. hxg7+ Kxg7 35. Nf5+ Kh8 36. Kg3 Bxf5 37. gxf5 Qxf5 38. Kf2 a4 39. Rh2 h5 40. Qe3 Qg5 41. Qxg5 fxg5 42. Rxh5+ Kg8 43. Rxg5+ Kh8 44. Rcc5 Rf7 1/2-1/2

[Event "Nyiregyhaza Open"]
[Site "Nyiregyhaza"]
[Date "1994.??.??"]
[Round "?"]
[White "Zambor, Norbert"]
[Black "Donka, Peter"]
[Result "1-0"]
[WhiteElo "2025"]
[BlackElo "2220"]
[PlyCount "35"]
[EventDate "1994.??.??"]
[Source "www.chesslib.no"]
[SourceDate "2004.05.04"]

1. e4 d5 2. exd5 Qxd5 3. Nc3 Qa5 4. d4 e5 5. dxe5 Nc6 6. Bc4 Bb4 7. Bd2 Bf5 8. a3 Nd4 9. Rc1 Qxe5+ 10. Nge2 Bc5 11. Bf4 Qe7 12. Nd5 Qe4 13. O-O Bh3 14. gxh3 Nf3+ 15. Kh1 Qxc4 16. Nxc7+ Ke7 17. Nc3 Qxf4 18. N7d5+ 1-0

[Event "Le Touquet (19eme open)"]
[Site "?"]
[Date "2004.10.25"]
[Round "1"]
[White "Schuermans Robert"]
[Black "Vekemans Denis"]
[Result "1/2-1/2"]
[WhiteElo "2206"]
[BlackElo "2018"]
[PlyCount "24"]
[EventDate "2004.??.??"]
[Source "www.chesslib.no"]
[SourceDate "2004.05.04"]

1. e4 d5 2. exd5 Qxd5 3. Nc3 Qa5 4. d4 e5 5. Qh5 Nc6 6. Bb5 Bd7 7. Bxc6 Bxc6 8. d5 Bb4 9. dxc6 Bxc3+ 10. Kf1 bxc6 11. Qf3 Qb5+ 12. Ne2 Bb4 1/2-1/2

[Event "SEMI"]
[Site "?"]
[Date "1998.04.15"]
[Round "?"]
[White "Hanssen Paul"]
[Black "Roques Pascal"]
[Result "0-1"]
[WhiteElo "1900"]
[BlackElo "2316"]
[PlyCount "70"]
[EventDate "1998.??.??"]
[Source "www.chesslib.no"]
[SourceDate "2004.05.04"]

1. e4 d5 2. exd5 Qxd5 3. Nc3 Qa5 4. d4 e5 5. dxe5 Nc6 6. Nf3 Bd7 7. Bd2 O-O-O 8. Ne4 Qb6 9. Bd3 Bg4 10. Bc3 Bb4 11. Qd2 Bxf3 12. gxf3 Nxe5 13. O-O-O Nxd3+ 14. cxd3 Qc6 15. Kb1 Bxc3 16. Qxc3 Qxc3 17. bxc3 Ne7 18. Rhg1 g6 19. Ng5 Nd5 20. Kc2 Rd7 21. Rge1 Rhd8 22. Re4 h6 23. Nh3 Rd6 24. a3 b5 25. Nf4 Rf6 26. Nxd5 Rxd5 27. Re3 Rdf5 28. Rg1 Rxf3 29. Rxf3 Rxf3 30. Rg2 Kd7 31. Kd2 c5 32. Ke2 Rf4 33. Rg1 Ra4 34. Rb1 Kc6 35. Rb3 Rh4 0-1

[Event "Paris FRA"]
[Site "?"]
[Date "2003.??.??"]
[Round "5"]
[White "Debray Christopher"]
[Black "Bourbon Bernard"]
[Result "1-0"]
[WhiteElo "2159"]
[BlackElo "2054"]
[PlyCount "27"]
[EventDate "2003.??.??"]
[Source "www.chesslib.no"]
[SourceDate "2004.05.04"]

1. e4 d5 2. exd5 Qxd5 3. Nc3 Qa5 4. d4 e5 5. Nf3 Bg4 6. Be2 Bxf3 7. Bxf3 c6 8. O-O exd4 9. Qxd4 Qd8 10. Re1+ Ne7 11. Qh4 h6 12. Bf4 Rg8 13. Ne4 Qb6 14. Rad1 1-0

[Event "Landesliga Sued 9899"]
[Site "?"]
[Date "1999.??.??"]
[Round "?"]
[White "Gergen Harald"]
[Black "Link Ulrich"]
[Result "0-1"]
[WhiteElo "2055"]
[BlackElo "2115"]
[PlyCount "82"]
[EventDate "1999.??.??"]
[Source "www.chesslib.no"]
[SourceDate "2004.05.04"]

1. e4 d5 2. exd5 Qxd5 3. Nc3 Qa5 4. d4 e5 5. dxe5 Qxe5+ 6. Be2 Bb4 7. Nf3 Bxc3+ 8. bxc3 Qxc3+ 9. Bd2 Qa3 10. O-O Ne7 11. Nd4 a6 12. Bd3 O-O 13. Re1 Qd6 14. Bc3 Nd5 15. Bb2 Nc6 16. Nxc6 bxc6 17. Qh5 f5 18. Rad1 Qg6 19. Qxg6 hxg6 20. Bc4 Bb7 21. Bb3 Rfe8 22. c4 Nf6 23. Be5 Rac8 24. Bxf6 gxf6 25. c5+ Kf8 26. Rxe8+ Rxe8 27. f4 Bc8 28. Rd4 Ke7 29. a3 Be6 30. Bc2 a5 31. h3 Rb8 32. g4 fxg4 33. hxg4 Bxg4 34. Bxg6 f5 35. Rd2 Rg8 36. Bh7 Rg7 37. Rh2 Bh5+ 38. Kf2 Rxh7 39. Ke3 Kf6 40. Kd4 Rd7+ 41. Kc3 Kg6 0-1

[Event "BL 9899 (Women)"]
[Site "Germany"]
[Date "1998.10.25"]
[Round "2.6"]
[White "Schuster, Birgit"]
[Black "Arnhold, Kerstin"]
[Result "1-0"]
[WhiteElo "2105"]
[BlackElo "2030"]
[PlyCount "141"]
[EventDate "1998.10.??"]
[Source "ChessBase"]
[SourceDate "1999.07.01"]

1. e4 d5 2. exd5 Qxd5 3. Nc3 Qa5 4. d4 e5 5. dxe5 Qxe5+ 6. Be2 Bb4 7. Bd2 Bg4 8. a3 Ba5 9. h3 Bxe2 10. Ngxe2 Nf6 11. O-O O-O 12. Re1 Nc6 13. Ng3 Qd6 14. Nce4 Nxe4 15. Nxe4 Qd5 16. Qf3 Rad8 17. b4 Bb6 18. Bc3 Nd4 19. Qg3 f6 20. Bb2 Qc4 21. Kh1 Qxc2 22. Bxd4 Rxd4 23. Rac1 Qd3 24. Re3 Qb5 25. Nc5 Bxc5 26. Rxc5 Qf1+ 27. Kh2 Rd1 28. Qf3 Rd7 29. Qxb7 Qxf2 30. Rf3 Qd2 31. Qxa7 Qd6+ 32. Kg1 Re8 33. Rc1 Re2 34. Qc5 Qd2 35. Qc4+ Kf8 36. Rg3 Re5 37. Kh2 Qf2 38. Rc2 Qb6 39. Qg4 Re1 40. Rgc3 Qg1+ 41. Kg3 Red1 42. Rf3 R1d5 43. h4 Qe1+ 44. Rcf2 Rd2 45. Qf5 Rxf2 46. Qc5+ Re7 47. Qxf2 Qe5+ 48. Kh3 h5 49. g3 Qe6+ 50. Kg2 Qc4 51. Re3 Qd5+ 52. Kh2 Rd7 53. Re2 Qf7 54. Qf3 Rd5 55. a4 Qd7 56. a5 Rf5 57. Qe4 c6 58. Qc4 Rf1 59. Qc5+ Kg8 60. Qxh5 Kf8 61. Qc5+ Kg8 62. Qc4+ Kf8 63. Kg2 Rb1 64. a6 Qd1 65. Qc5+ Kf7 66. Qe7+ Kg6 67. Qe8+ Kh6 68. Qh8+ Kg6 69. h5+ Kf5 70. Qh7+ Kg5 71. Qg6# 1-0

[Event "HUN Ch women"]
[Site "HUN"]
[Date "1992.??.??"]
[Round "3"]
[White "Palko, Gabriella"]
[Black "Burjan, Anita"]
[Result "1/2-1/2"]
[WhiteElo "2075"]
[BlackElo "2050"]
[PlyCount "56"]
[EventDate "1992.??.??"]
[Source "www.chesslib.no"]
[SourceDate "2004.05.04"]

1. e4 d5 2. exd5 Qxd5 3. Nc3 Qa5 4. d4 e5 5. dxe5 Qxe5+ 6. Qe2 Qxe2+ 7. Ngxe2 Nf6 8. Bf4 c6 9. O-O-O Bc5 10. Bg3 O-O 11. Nf4 Bf5 12. Nd3 Bb6 13. Ne5 Nbd7 14. Nc4 Bc5 15. Bd3 Bxd3 16. Rxd3 Nb6 17. Nxb6 Bxb6 18. Na4 Ne4 19. Nxb6 Nxg3 20. hxg3 axb6 21. a3 Rad8 22. Rhd1 Rxd3 23. Rxd3 f5 24. Rd7 Rf7 25. Rd8+ Rf8 26. Rd7 Rf7 27. Rd8+ Rf8 28. Rd7 Rf7 1/2-1/2

[Event "Corr"]
[Site "?"]
[Date "2002.11.06"]
[Round "?"]
[White "Nagley Tim"]
[Black "Van der Wijk Hein"]
[Result "1-0"]
[WhiteElo "2127"]
[BlackElo "1994"]
[PlyCount "75"]
[EventDate "2002.??.??"]
[Source "www.chesslib.no"]
[SourceDate "2004.05.04"]

1. e4 d5 2. exd5 Qxd5 3. Nc3 Qa5 4. d4 e5 5. dxe5 Nc6 6. Nf3 Bg4 7. Be2 Bb4 8. O-O Nge7 9. Bd2 O-O-O 10. Qe1 Bxf3 11. Bxf3 Nxe5 12. Be2 N7g6 13. a3 Bxc3 14. Bxc3 Qb6 15. Bh5 Rhe8 16. Qe4 Nd7 17. Qa4 Nge5 18. Rad1 g6 19. Be2 Nc6 20. Rfe1 Qc5 21. Qf4 f5 22. Bf3 Rxe1+ 23. Rxe1 Nb6 24. Qh4 Nd5 25. Bxd5 Qxd5 26. Qxh7 g5 27. h3 Rf8 28. Qg6 a6 29. Bf6 b6 30. Bxg5 Nd4 31. c3 Ne2+ 32. Kf1 Rg8 33. Qh5 Qxg2+ 34. Kxg2 Nf4+ 35. Kf3 Nxh5 36. h4 Kb7 37. Re6 Rh8 38. Re5 1-0

[Event "Corr"]
[Site "?"]
[Date "2002.01.28"]
[Round "?"]
[White "Sakai Kiyotaka"]
[Black "Van der Wijk Hein"]
[Result "1/2-1/2"]
[WhiteElo "2145"]
[BlackElo "1960"]
[PlyCount "72"]
[EventDate "2002.??.??"]
[Source "www.chesslib.no"]
[SourceDate "2004.05.04"]

1. e4 d5 2. exd5 Qxd5 3. Nc3 Qa5 4. d4 e5 5. Nf3 Bg4 6. dxe5 Bb4 7. Bd2 Nc6 8. a3 Nd4 9. Bb5+ c6 10. O-O Bxf3 11. axb4 Bxd1 12. bxa5 Bxc2 13. Ba4 Ne7 14. Bxc2 Nxc2 15. Ra4 Rd8 16. Ne4 Nf5 17. g4 Rd4 18. Rxd4 Nfxd4 19. Kg2 h5 20. h3 b6 21. Bc3 c5 22. Rd1 Ke7 23. b4 Ke6 24. axb6 axb6 25. bxc5 Kd5 26. Bxd4 Nxd4 27. Nc3+ Kxc5 28. f4 hxg4 29. hxg4 Kc4 30. Ne4 g6 31. Nd6+ Kc5 32. Kg3 Ra8 33. f5 gxf5 34. gxf5 f6 35. Kf4 fxe5+ 36. Kxe5 Nxf5 1/2-1/2

[Event "FRA-ch op-A"]
[Site "?"]
[Date "1996.??.??"]
[Round "8"]
[White "Roger Romain"]
[Black "Pinson Eric"]
[Result "1/2-1/2"]
[WhiteElo "2170"]
[BlackElo "1930"]
[PlyCount "109"]
[EventDate "1996.??.??"]
[Source "www.chesslib.no"]
[SourceDate "2004.05.04"]

1. e4 d5 2. exd5 Qxd5 3. Nc3 Qa5 4. d4 e5 5. Nf3 e4 6. Ne5 Nd7 7. Nc4 Qf5 8. Ne3 Qg6 9. Nb5 Qc6 10. d5 Qc5 11. b4 Qxb4+ 12. c3 Qc5 13. Ba3 Qb6 14. Nc4 Qxb5 15. Nd6+ Bxd6 16. Bxb5 Bxa3 17. Qg4 Ne7 18. Qxe4 O-O 19. O-O Nf6 20. Qf3 Bg4 21. Qd3 a6 22. Ba4 b5 23. Bd1 Bf5 24. Qd2 Nexd5 25. Bf3 Rad8 26. Rad1 Be4 27. Kh1 Bxf3 28. gxf3 Rfe8 29. Rg1 Bf8 30. Qc2 Nb6 31. h4 Nfd5 32. Rg4 Nf6 33. Rg5 Rxd1+ 34. Qxd1 g6 35. Qd4 Bg7 36. Qc5 h6 37. Rg1 Nfd5 38. f4 Bxc3 39. f5 Kh7 40. fxg6+ fxg6 41. Qc6 Rg8 42. Rd1 Rd8 43. Rd3 Bg7 44. Rg3 Rd6 45. Qc2 Be5 46. Rf3 Nc4 47. h5 Nf4 48. hxg6+ Rxg6 49. Qf5 Ne6 50. Rd3 Nd4 51. Qe4 c5 52. f4 Bxf4 53. Qxf4 Rg5 54. Rd1 Rh5+ 55. Kg2 1/2-1/2

[Event "Koestendorf"]
[Site "?"]
[Date "1998.04.10"]
[Round "7.3"]
[White "Sandhoefner Florian"]
[Black "Aschenbrenner Robert"]
[Result "0-1"]
[WhiteElo "1991"]
[BlackElo "2100"]
[PlyCount "120"]
[EventDate "1998.??.??"]
[Source "www.chesslib.no"]
[SourceDate "2004.05.04"]

1. e4 d5 2. exd5 Qxd5 3. Nc3 Qa5 4. d4 e5 5. Qe2 Nc6 6. Nf3 Bg4 7. dxe5 Bb4 8. Bd2 O-O-O 9. Qe4 Nf6 10. Qf4 Bxf3 11. Qxf3 Qxe5+ 12. Qe3 Qd6 13. O-O-O Bxc3 14. Qxc3 Ne4 15. Qe3 Rhe8 16. Bd3 Nxd2 17. Qxd2 Qf6 18. Qc3 Qxc3 19. bxc3 Re5 20. f4 Rc5 21. Kb2 Rcd5 22. Rde1 Kd7 23. Re3 Re8 24. Rhe1 Rxe3 25. Rxe3 Rh5 26. h3 g6 27. Be2 Rc5 28. g4 Ne7 29. c4 Nc8 30. Rd3+ Nd6 31. Rd5 Rxd5 32. cxd5 Ne4 33. Bf3 Nf6 34. Kc3 Kd6 35. Kd4 b5 36. g5 Nd7 37. h4 Nb6 38. Be4 b4 39. Bf3 a5 40. Be4 Na4 41. Bf3 Nb6 42. Bh1 Na4 43. Kc4 Nc3 44. a3 Nb5 45. axb4 a4 46. Bg2 a3 47. Kb3 Nd4+ 48. Kxa3 Nxc2+ 49. Ka4 Nd4 50. Be4 Ne2 51. Bf3 Nxf4 52. Kb5 Nd3 53. Be4 Ne5 54. Ka6 Nd7 55. Kb7 f6 56. gxf6 Nxf6 57. Bf3 h6 58. b5 g5 59. hxg5 hxg5 60. b6 Nxd5 0-1

[Event "Copenhagen Open 16th"]
[Site "Copenhagen DEN"]
[Date "1994.??.??"]
[Round "7"]
[White "Hyldkrog, Lars"]
[Black "Jensen, Find"]
[Result "0-1"]
[WhiteElo "2090"]
[BlackElo "1970"]
[PlyCount "40"]
[EventDate "1994.06.??"]
[Source "www.chesslib.no"]
[SourceDate "2004.05.04"]

1. e4 d5 2. exd5 Qxd5 3. Nc3 Qa5 4. d4 e5 5. Qh5 Nc6 6. Bb5 Bd7 7. dxe5 Bb4 8. Bxc6 Bxc3+ 9. Kf1 Bxc6 10. Bf4 Bxb2 11. Rd1 Ne7 12. Nh3 Ng6 13. Ng5 Bxg2+ 14. Kg1 Bxh1 15. Kxh1 Bxe5 16. Bc1 Bf6 17. Qe2+ Qe5 18. Qd2 O-O 19. f4 Bxg5 20. fxe5 Bxd2 0-1

[Event "Lisbon Museum op 1st"]
[Site "Lisbon"]
[Date "2002.07.24"]
[Round "5.3"]
[White "Aguiar, Carlos"]
[Black "Fanha, Paulo"]
[Result "0-1"]
[WhiteElo "2021"]
[BlackElo "2013"]
[PlyCount "58"]
[EventDate "2002.07.20"]
[Source "ChessBase"]
[SourceDate "2002.09.11"]

1. e4 d5 2. exd5 Qxd5 3. Nc3 Qa5 4. d4 e5 5. dxe5 Nc6 6. Bb5 Bd7 7. Qh5 Bb4 8. Nge2 Qxb5 9. Bf4 Bxc3+ 10. bxc3 O-O-O 11. Qxf7 Nxe5 12. Qxg7 Ng6 13. Be3 Bg4 14. f3 Rd7 15. c4 Qxc4 16. Qb2 Nh6 17. Bxh6 Re8 18. O-O Rxe2 19. fxg4 Qxg4 20. Rf2 Rxf2 21. Kxf2 Qh4+ 22. Kg1 Qxh6 23. Rb1 Qe3+ 24. Kh1 b6 25. Qb5 Qe4 26. Qf1 Re7 27. h3 Nf4 28. Rd1 Kb7 29. Kh2 Qe5 0-1

[Event "Berlin GER"]
[Site "?"]
[Date "2001.03.22"]
[Round "8"]
[White "Stieg Hans Juergen"]
[Black "Holze Guenter"]
[Result "0-1"]
[WhiteElo "2027"]
[BlackElo "2005"]
[PlyCount "98"]
[EventDate "2001.??.??"]
[Source "www.chesslib.no"]
[SourceDate "2004.05.04"]

1. e4 d5 2. exd5 Qxd5 3. Nc3 Qa5 4. d4 e5 5. Nf3 exd4 6. Nxd4 Nf6 7. Qe2+ Be7 8. Qb5+ Qxb5 9. Ndxb5 Na6 10. Bf4 Bd8 11. O-O-O O-O 12. h3 Be6 13. Be2 c6 14. Nd4 Nc7 15. Nxe6 Nxe6 16. Bd6 Re8 17. Bf3 Bb6 18. Rhf1 Nd4 19. Na4 Nxf3 20. Nxb6 axb6 21. gxf3 Rxa2 22. Kb1 Ra5 23. Bg3 Rea8 24. c3 Ra1+ 25. Kc2 Rxd1 26. Rxd1 h6 27. Be5 Re8 28. f4 Nd5 29. c4 Nb4+ 30. Kb3 Na6 31. Rg1 g6 32. Kc3 Re6 33. b4 f6 34. Bd4 c5 35. bxc5 bxc5 36. Be3 Kf7 37. Rb1 b6 38. Ra1 Nb4 39. Ra8 Rd6 40. Rb8 Ke6 41. Rh8 h5 42. Rb8 Kf5 43. Re8 Nd3 44. Rg8 Ne1 45. Kb3 Nf3 46. Ka4 Ng1 47. h4 Nf3 48. Kb5 Nxh4 49. Rb8 Ng2 0-1

[Event "Gaia (tournoi)"]
[Site "?"]
[Date "2004.07.05"]
[Round "3.7"]
[White "Pinheiro Albano"]
[Black "Cadillon Joao"]
[Result "1-0"]
[WhiteElo "2089"]
[BlackElo "1927"]
[PlyCount "93"]
[EventDate "2004.??.??"]
[Source "www.chesslib.no"]
[SourceDate "2004.05.04"]

1. e4 d5 2. exd5 Qxd5 3. Nc3 Qa5 4. d4 e5 5. dxe5 Nc6 6. Nf3 Bb4 7. Bd2 Bg4 8. a3 Nd4 9. Be2 Bxf3 10. gxf3 O-O-O 11. O-O Bxc3 12. bxc3 Nxe2+ 13. Qxe2 Ne7 14. Rfd1 Qb6 15. Qe4 Qg6+ 16. Kh1 Qxe4 17. fxe4 Ng6 18. f4 Rd7 19. Be3 Rhd8 20. Rd4 b6 21. Rad1 c5 22. R4d3 Kc7 23. Kg2 Kc6 24. c4 Rxd3 25. cxd3 b5 26. cxb5+ Kxb5 27. Kf3 a5 28. d4 cxd4 29. Rxd4 Rxd4 30. Bxd4 Kc4 31. Bb6 a4 32. Bc7 Kd4 33. Bb6+ Kd3 34. Bf2 Kc4 35. Bg3 Kd4 36. Bf2+ Kc4 37. Be1 Kd4 38. Bg3 h6 39. h3 h5 40. h4 Nf8 41. f5 g6 42. Kf4 gxf5 43. exf5 Kd5 44. Kg5 Nd7 45. Kxh5 Nxe5 46. Bxe5 Kxe5 47. Kg5 1-0

[Event "Landesliga"]
[Site "?"]
[Date "2003.11.02"]
[Round "2.3"]
[White "Van Bentum Horst"]
[Black "Kiel Bernd"]
[Result "1-0"]
[WhiteElo "2040"]
[BlackElo "1964"]
[PlyCount "73"]
[EventDate "2003.??.??"]
[Source "www.chesslib.no"]
[SourceDate "2004.05.04"]

1. e4 d5 2. exd5 Qxd5 3. Nc3 Qa5 4. d4 e5 5. Nf3 Bg4 6. Bb5+ c6 7. Be2 Bxf3 8. Bxf3 Bb4 9. Bd2 exd4 10. Ne4 Bxd2+ 11. Qxd2 Qxd2+ 12. Kxd2 Kd7 13. Rad1 Ne7 14. Kc1 Kc7 15. Rxd4 Nd7 16. Ng5 Ne5 17. Re1 N7g6 18. Be4 Rad8 19. Rxd8 Rxd8 20. g3 Re8 21. Bxg6 hxg6 22. Re3 f6 23. Nf7 Kd7 24. Nxe5+ fxe5 25. h4 Re7 26. Kd2 Ke6 27. f4 Kf5 28. fxe5 Rxe5 29. Rxe5+ Kxe5 30. Ke3 b6 31. c4 a6 32. b4 a5 33. c5 axb4 34. cxb6 Kd6 35. Kd4 c5+ 36. Kc4 Kc6 37. b7 1-0

[Event "C1.1999.0.00240"]
[Site "?"]
[Date "1999.??.??"]
[Round "?"]
[White "Cartagena Julio"]
[Black "Keillor Jason"]
[Result "0-1"]
[WhiteElo "2100"]
[BlackElo "1900"]
[PlyCount "40"]
[EventDate "1999.??.??"]
[Source "www.chesslib.no"]
[SourceDate "2004.05.04"]

1. e4 d5 2. exd5 Qxd5 3. Nc3 Qa5 4. d4 e5 5. dxe5 Qxe5+ 6. Be2 Bb4 7. Bd2 Bg4 8. Nd5 Bxe2 9. Qxe2 Bxd2+ 10. Kxd2 Qxe2+ 11. Nxe2 Na6 12. Rad1 c6 13. Ndf4 O-O-O+ 14. Kc3 Nf6 15. f3 g5 16. Nd3 Nd5+ 17. Kd2 Rhe8 18. Rhg1 Ne3 19. Rde1 Nb4 20. Nec1 Nbxc2 0-1

[Event "Baden Ch MB"]
[Site "Hockenheim GER"]
[Date "1994.??.??"]
[Round "11"]
[White "Strittmatter, Norbert"]
[Black "Reuter, Peter Ludwig"]
[Result "1/2-1/2"]
[WhiteElo "2020"]
[BlackElo "1970"]
[PlyCount "62"]
[EventDate "1994.??.??"]
[Source "www.chesslib.no"]
[SourceDate "2004.05.04"]

1. e4 d5 2. exd5 Qxd5 3. Nc3 Qa5 4. d4 e5 5. dxe5 Nc6 6. Qd5 Bb4 7. Qxa5 Bxa5 8. Bb5 Nge7 9. Bd2 Bf5 10. O-O-O O-O-O 11. Nf3 Bg4 12. Bg5 Rxd1+ 13. Rxd1 Bxc3 14. bxc3 Ng6 15. Bxc6 bxc6 16. Rd3 Bxf3 17. Rxf3 Nxe5 18. Rf5 Re8 19. f4 Nc4 20. Bh4 Re2 21. Kd1 Rxg2 22. Rxf7 Ne3+ 23. Ke1 Nxc2+ 24. Kf1 Ne3+ 25. Ke1 Nc2+ 26. Kf1 Ne3+ 27. Ke1 Rxa2 28. Bg3 Ng2+ 29. Kf1 Ne3+ 30. Ke1 Ng2+ 31. Kf1 Ne3+ 1/2-1/2

[Event "Baden Ch MB"]
[Site "Hockenheim GER"]
[Date "1994.??.??"]
[Round "5"]
[White "Ditter, Juergen"]
[Black "Reuter, Peter Ludwig"]
[Result "1/2-1/2"]
[WhiteElo "2020"]
[BlackElo "1970"]
[PlyCount "109"]
[EventDate "1994.??.??"]
[Source "www.chesslib.no"]
[SourceDate "2004.05.04"]

1. e4 d5 2. exd5 Qxd5 3. Nc3 Qa5 4. d4 e5 5. dxe5 Nc6 6. Nf3 Bb4 7. Bd2 Bg4 8. Bb5 Bxf3 9. Qxf3 Nge7 10. O-O O-O-O 11. Bxc6 Nxc6 12. Bg5 Rd7 13. Rad1 Rxd1 14. Nxd1 Qxe5 15. Be3 f5 16. c3 Bd6 17. g3 Qf6 18. Qh5 h6 19. f4 Qe6 20. Bf2 g6 21. Qf3 Qxa2 22. Re1 Qf7 23. Qe2 g5 24. fxg5 hxg5 25. Qe6+ Qd7 26. Qxd7+ Kxd7 27. h4 f4 28. gxf4 gxf4 29. Kg2 a6 30. Kh3 Ne5 31. Bd4 Re8 32. Bxe5 Rxe5 33. Rxe5 Bxe5 34. Kg4 Ke6 35. Kg5 c5 36. Kg6 b5 37. h5 a5 38. Nf2 a4 39. Nd3 a3 40. bxa3 Bxc3 41. Nxf4+ Ke5 42. Ne2 Bd2 43. h6 Bxh6 44. Kxh6 Kd5 45. Nc3+ Kc4 46. Ne4 Kd4 47. Nd6 b4 48. axb4 cxb4 49. Nf5+ Ke4 50. Kg5 Kd3 51. Nd6 Kd4 52. Nf5+ Ke4 53. Nd6+ Kd5 54. Nf5 b3 55. Ne3+ 1/2-1/2

[Event "Capo d'Orso Open 2008"]
[Site "Porto Mannu ITA"]
[Date "2008.05.18"]
[Round "2.38"]
[White "Porzio, Massimo"]
[Black "Adriani, Vieri"]
[Result "0-1"]
[WhiteElo "1896"]
[BlackElo "2081"]
[PlyCount "73"]
[EventDate "2008.05.17"]
[Source "www.chesslib.no"]
[SourceDate "2004.05.04"]

1. e4 d5 2. exd5 Qxd5 3. Nc3 Qa5 4. d4 e5 5. Qe2 Nc6 6. d5 Bb4 7. dxc6 Bxc3+ 8. Bd2 Bxd2+ 9. Qxd2 Qxd2+ 10. Kxd2 Ne7 11. Bb5 b6 12. Re1 f6 13. c4 a6 14. Ba4 b5 15. cxb5 axb5 16. Bb3 Nxc6 17. f4 Bb7 18. Nf3 O-O-O+ 19. Kc1 Rhe8 20. a4 e4 21. Nd2 e3 22. Nf3 Nb4 23. Bc2 Nxc2 24. Kxc2 b4 25. Rd1 Rxd1 26. Rxd1 c5 27. Re1 Be4+ 28. Kb3 Bd5+ 29. Kc2 b3+ 30. Kc3 Kb7 31. Kd3 Kb6 32. Rc1 Bb7 33. Ne1 Ba6+ 34. Kc3 Re4 35. Kxb3 Rxf4 36. Nf3 e2 37. Kc2 0-1

[Event "Sant Marti op 5th"]
[Site "?"]
[Date "2003.05.10"]
[Round "3.8"]
[White "Sanz Serrano Alvaro"]
[Black "Montenegro Oscar"]
[Result "1-0"]
[WhiteElo "1925"]
[BlackElo "2020"]
[PlyCount "50"]
[EventDate "2003.??.??"]
[Source "www.chesslib.no"]
[SourceDate "2004.05.04"]

1. e4 d5 2. exd5 Qxd5 3. Nc3 Qa5 4. d4 e5 5. dxe5 Bb4 6. Bd2 Nc6 7. f4 Bf5 8. a3 Be7 9. b4 Qb6 10. Nd5 Qd4 11. Nxc7+ Kf8 12. Nf3 Qe4+ 13. Qe2 Rc8 14. Qxe4 Bxe4 15. Nb5 Bxf3 16. gxf3 a6 17. Nc3 Nd4 18. O-O-O a5 19. Nb5 Nb3+ 20. Kb2 Nxd2 21. Rxd2 axb4 22. axb4 Bxb4 23. Rd7 Ne7 24. Rxb7 Nd5 25. f5 h5 1-0

[Event "Dortmund op-A"]
[Site "?"]
[Date "2003.08.04"]
[Round "4"]
[White "Terwey Matthias"]
[Black "Schilling Dietmar"]
[Result "1-0"]
[WhiteElo "2101"]
[BlackElo "1810"]
[PlyCount "85"]
[EventDate "2003.??.??"]
[Source "www.chesslib.no"]
[SourceDate "2004.05.04"]

1. e4 d5 2. exd5 Qxd5 3. Nc3 Qa5 4. d4 e5 5. dxe5 Bb4 6. f4 Nc6 7. Bd2 Bf5 8. Nf3 O-O-O 9. Bc4 Nh6 10. Qe2 Bxc2 11. O-O Nf5 12. Rac1 Ncd4 13. Nxd4 Nxd4 14. Qf2 Nf5 15. Kh1 Bd3 16. Bxd3 Rxd3 17. a3 Bc5 18. Ne4 Bxf2 19. Bxa5 Bb6 20. Bxb6 axb6 21. Rfd1 Rxd1+ 22. Rxd1 h6 23. Kg1 Rd8 24. Rxd8+ Kxd8 25. Kf2 Kd7 26. Ke2 Ke6 27. Kd3 Ne7 28. Nc3 Nd5 29. Nxd5 Kxd5 30. a4 Kc5 31. Ke4 b5 32. axb5 Kxb5 33. Kd5 c6+ 34. Kd6 Kc4 35. f5 Kb3 36. e6 fxe6 37. fxe6 Kxb2 38. e7 b5 39. e8=Q b4 40. Kc5 b3 41. Kb4 c5+ 42. Kc4 Ka2 43. Qa4+ 1-0

[Event "Avoine"]
[Site "?"]
[Date "2001.07.22"]
[Round "2"]
[White "Schneider Daniel"]
[Black "Vekemans Denis"]
[Result "1/2-1/2"]
[WhiteElo "1850"]
[BlackElo "2033"]
[PlyCount "50"]
[EventDate "2001.??.??"]
[Source "www.chesslib.no"]
[SourceDate "2004.05.04"]

1. e4 d5 2. exd5 Qxd5 3. Nc3 Qa5 4. d4 e5 5. dxe5 Nc6 6. Nf3 Bb4 7. Bd2 Bg4 8. a3 Nd4 9. Bd3 Bxf3 10. gxf3 Qxe5+ 11. Kf1 Ba5 12. f4 Qf6 13. Qh5 Bxc3 14. Re1+ Ne7 15. Bxc3 O-O-O 16. Bxd4 Rxd4 17. Qe5 Qxe5 18. fxe5 Kd7 19. Rg1 g6 20. Rg3 Re8 21. Rf3 Nd5 22. Rxf7+ Re7 23. e6+ Kd6 24. Re4 Rxe4 25. Bxe4 c6 1/2-1/2

[Event "Sant Marti op 5th"]
[Site "?"]
[Date "2003.05.24"]
[Round "5.16"]
[White "Perez de Villar Framil Ivan"]
[Black "Puig Montserrat Jordi"]
[Result "1-0"]
[WhiteElo "1980"]
[BlackElo "1880"]
[PlyCount "37"]
[EventDate "2003.??.??"]
[Source "www.chesslib.no"]
[SourceDate "2004.05.04"]

1. e4 d5 2. exd5 Qxd5 3. Nc3 Qa5 4. d4 e5 5. dxe5 Bb4 6. Nf3 Bg4 7. Bd2 Nc6 8. a3 Nd4 9. Be2 Bxf3 10. Bxf3 O-O-O 11. O-O Bxc3 12. Bxc3 Qxe5 13. Re1 Qf4 14. Bxd4 Rxd4 15. Re8+ Kd7 16. Qe2 c6 17. Rf8 g5 18. Qe8+ Kc7 19. Rxf7+ 1-0